00422nam a2200157Ia 450000500170000000800410001702000180005805000250007610000180010124500480011926000350016730000420020244000060024452100070025052600070025720140311163135.0140130s9999 xx 000 0 und d a9780439888585 aPZ 7b.Sa1975Cg 2007 aSander, Sonia cSander, SoniaaGood luck bear special day / bScholastic,c2007.aNew York : a1 v. (unpaged) :bcol. ill. ;c21 cm. v1 aBR cBR